01616aam a2200325 i 4500001001000000003001000010005001700020007000300037008004100040020002200081040004800103041000800151082002000159100003300179245009700212264005200309264001200361300002700373336002700400337003300427338002800460505059600488563001401084653001901098653001301117942000701130945001201137952012401149999001701273768714001CO-MdFUSB20210917115419.0ta210917t1958 sp ac||| |||| 00| 0 spa d a[No incluye ISBN] bspa.aCO-MdFUSBcCO-MdFUSBdCO-MdFUSBCerda aspa04a901223b V473h1 aVera Tornell, Ricardoeautor10aHistoria de la civilización : bbosquejos de la historia del mundoc/ Ricardo Vera Tornell 1aBarcelona, España : bRamón Sopena,c[1958] 4c© 1958 a782 páginasc; 22 cm 2rdacontentatextobtxt 2rdamediaasin mediaciónbn 2rdacarrieravolumenbnc gHistoria moderna desde los comienzos del siglo XVItTransición a la historia modernatGrandes acontecimientos del siglo XVItGrandes artistas escritores y hombres de ciencia del siglo XVItGrandes acontecimientos del siglos XVIItGrandes figuras del siglo XVIItGrandes acontecimientos del siglo XVIIItCarácter y grandes figuras del siglo XVIIItGrandes acontecimientos del siglo XIXtGrandes figuras del siglo XIXtEl nuevo mundo: La América ColonialtEmancipación de las colonias españolastLas repúblicas americanastLiteratura, arte, ciencia e invenciones en el Nuevo Mundo. aTapa dura aCivilización aHistoria cBK aJTF-925 001040708GENaFUSBCbFUSBCd2005-01-26l0oG 901 V473h p10546r2019-12-12 00:00:00t1w2016-01-26yPB0C3IINV2023 c40602d40602